00387nam a2200145Ia 4500008004100000041000800041082001600049100001700065245006800082260002000150300002700170365001700197500001000214700001700224230718s9999 xx 000 0 und d aeng a005.27bDUT aDuthie A. G. aMicrosoft Visual Interdev 6.0 Interprise 6.0 Developer Workshop c1998bMicrosoft a590dRef 619 C (10223) cRs.b2204.55 a619 C aDuthie A. G.